Best Selling Albums of the 1980s - Statistics

General Stats
  • This quiz has been taken 153 times
  • The average score is 8 of 10
Answer Stats
Album Year Music Act % Correct
Thriller 1982 Michael Jackson
98%
Born In the U.S.A 1984 Bruce Springsteen
96%
Back In Black 1980 AC/DC
93%
The Joshua Tree 1987 U2
92%
Faith 1987 George Michael
86%
Appetite for Destruction 1987 Guns N’ Roses
82%
Brothers In Arms 1985 Dire Straits
80%
Slippery When Wet 1986 Bon Jovi
77%
No Jacket Required 1985 Phil Collins
69%
True Blue 1986 Madonna
68%
No matching quizzes found
Score Distribution
Percent of People with Each Score
Percentile by Number Answered
Your Score History
You have not taken this quiz